History Quiz

Random History or Clickable Quiz

Responsibilities of the Executive Departments Quiz Stats

 Plays Quiz not verified by Sporcle

Challenge
Share
Tweet
Embed
Score 0/65 Timer 12:00
0 Plays Today
% Correct
Department of Education
76.4%
Department of Education
75.2%
Department of Transportation
70.3%
Department of Transportation
69.7%
Department of Energy
69.7%
Department of Health and Human Services
69.1%
Department of Education
67.9%
Department of Defense
65.5%
Department of Defense
65.5%
Department of Agriculture
65.5%
Department of the Treasury
64.8%
Department of Energy
64.8%
Department of Defense
64.2%
Department of Veterans' Affairs
64.2%
Department of Labor
63.6%
Department of the Treasury
63%
Department of Veterans' Affairs
62.4%
Department of Health and Human Services
61.8%
Department of Homeland Security
60.6%
Department of Energy
60.6%
Department of the Treasury
60%
Department of State
58.2%
Department of the Interior
58.2%
Department of Labor
58.2%
Department of Justice
57.6%
Department of Justice
57.6%
Department of Housing and Urban Development
57.6%
Department of State
57%
Department of Justice
57%
Department of Commerce
56.4%
Department of Homeland Security
56.4%
Independent Agencies
56.4%
Department of the Treasury
55.2%
% Correct
Department of Agriculture
55.2%
Department of Housing and Urban Development
55.2%
Department of Labor
54.5%
Department of Housing and Urban Development
54.5%
Department of the Interior
53.3%
Department of Homeland Security
53.3%
Department of Homeland Security
53.3%
Independent Agencies
53.3%
Department of the Interior
52.7%
Department of Veteran's Affairs
52.1%
Department of State
51.5%
Department of Justice
51.5%
Department of Transportation
50.9%
Department of the Interior
50.3%
Department of the Interior
49.1%
Department of Commerce
49.1%
Department of Health and Human Services
47.3%
Department of Justice
46.1%
Independent Agencies
46.1%
Independent Agencies
44.8%
Department of Commerce
44.2%
Department of Agriculture
43.6%
Department of Homeland Security
43%
Independent Agencies
42.4%
Department of Commerce
41.8%
Independent Agencies
41.8%
Independent Agencies
41.2%
Department of State
40.6%
Independent Agencies
38.8%
Independent Agencies
36.4%
Independent Agencies
32.7%
Independent Agencies
30.9%

You're not logged in!

Compare scores with friends on all Sporcle quizzes.
Join for Free
OR
Log In

You Might Also Like...

Show Comments

Extras

Top Quizzes Today


Score Distribution

Your Account Isn't Verified!

In order to create a playlist on Sporcle, you need to verify the email address you used during registration. Go to your Sporcle Settings to finish the process.

Report this User

Report this user for behavior that violates our Community Guidelines.

Details: